Statistics for Top 10 Philadelphia Phillies of All-Time

Click here to take the quiz!

General Stats

  • This quiz has been taken 2,394 times
  • The average score is 5 of 10

Answer Stats

WARYearsPositionAnswer% Correct
106.51972-19893BMike Schmidt
95%
48.92000-2014SSJimmy Rollins
88%
59.32003-20152BChase Utley
87%
75.01972-1986PSteve Carlton
73%
52.71948-1959OFRichie Ashburn
44%
47.21998-2006OFBobby Abreu
40%
63.01948-1961PRobin Roberts
40%
50.81911-1917, 1930PPete Alexander
27%
64.81888-1889, 1891-1901OFEd Delahanty
12%
51.51904-1914OFSherry Magee
3%

Score Distribution

Percentile by Number Answered

Percent of People with Each Score

Your Score History

You have not taken this quiz